000 00889nam a2200229Ii 4500
003 JO-AjNU
008 230605s9999||||xx |||||||||||||| ||und||
017 _a2012/10647
020 _a978-977-438-089-3
040 _aJO-AjNU
_bara
_erda
_cJO-AjNU
041 _aara
050 1 4 _ak5223.2013
100 3 _a دزه يي ، أوزدن حسين ,
_eauthor
_943875
245 0 0 _aجريمة غسيل الأموال
250 _a(د،ط)
264 3 1 _aالاسكندرية : المكتب الجامعي الحديث ، 2013
300 _a256ص
_bيشتمل على قائمة بالمصادر والمراجع ص(241-250)
336 _atext
_btxt
_2rdacontent
337 _aunmediated
_bn
_2rdamedia
338 _avolume
_bnc
_2rdacarrier
650 4 _aجرائم الأموال -- قوانين وتشريعات --الجريمة والمجرمون -- القانون الجنائي
_943876
999 _aA18897
_c22465
_d22465